000 00651nam a2200265Ia 4500
003 OSt
005 20220912151505.0
006 a|||||r|||| 00| 0
007 ta
008 220909b |||||||| |||| 00| 0 eng d
024 _a50404
037 _cTextual
040 _aCSL
_beng
_cCSL
041 _aeng
082 _aI22, 113L8.1
100 _aWainiop E
245 0 _aMonograph cladoniarum
260 _aKoenigstein
_c1978
300 _a498p.
_ccm.
490 _aActa Societatis Pro Fauna et flora fennica
650 _a Algae
650 _aBotany
942 _hI22, 113L8.1
_cTEXL
_2CC
999 _c69786
_d69786